Biophysical principles of structure and function
Guardat en:
| Autors principals: | , , , |
|---|---|
| Format: | Llibre |
| Idioma: | anglès |
| Publicat: |
Reading
Addison-Wesley
1965
|
| Col·lecció: | The Addison-Wesley Series in the Life Sciences
|
| Matèries: | |
| Etiquetes: |
Afegir etiqueta
Sense etiquetes, Sigues el primer a etiquetar aquest registre!
|
MARC
| LEADER | 00000nam a2200000 a 4500 | ||
|---|---|---|---|
| 001 | UCO4476 | ||
| 003 | CL-VaPUC | ||
| 008 | 000804e19650000US |||||||||||||||||eng|d | ||
| 082 | 0 | 4 | |a 571.4 |b SNE |2 21 |
| 100 | 0 | |a Snell, Fred M |e author |9 449028 | |
| 700 | 0 | |a Shulman, Sidney |e author |9 449029 | |
| 700 | 0 | |a Spencer, Richard P |e author |9 449030 | |
| 700 | 0 | |a Moos, Carl |e author |9 449031 | |
| 245 | 1 | 0 | |a Biophysical principles of structure and function |
| 300 | |a 390 p | ||
| 942 | |c BK | ||
| 945 | |d 20000804 00:00:00 |a vberengu | ||
| 260 | |a Reading |b Addison-Wesley |c 1965 | ||
| 650 | 0 | |a Biofísica |9 271309 | |
| 650 | 0 | |a Bioquímica |9 259492 | |
| 650 | 0 | |a Química inorgánica |9 260154 | |
| 650 | 7 | |a SISTEMAS BIOLOGICOS |2 CL-VaPUC |9 375368 | |
| 583 | |a last modification |c 20130419 09:42:33 |k Rodrigo Vera | ||
| 490 | 0 | |a The Addison-Wesley Series in the Life Sciences | |
| 999 | |c 290517 |d 290515 | ||
| 952 | |0 0 |1 0 |4 0 |6 571_400000000000000_SNE_1965 |7 0 |8 A |9 340006 |a BIBCUR |b BIBCUR |d 2019-11-20 |i 3624013 |o 571.4 SNE 1965 |p 3624013 |r 2025-04-22 |w 2019-11-20 |y BK |k FIS | ||